|
|
|
|
| LEADER |
00000naa2a2200000 4500 |
| 001 |
629951 |
| 005 |
20231101133603.0 |
| 035 |
|
|
|a (RuTPU)RU\TPU\conf\30776
|
| 035 |
|
|
|a RU\TPU\conf\30775
|
| 090 |
|
|
|a 629951
|
| 100 |
|
|
|a 20191008d2019 k y0rusy50 ca
|
| 101 |
0 |
|
|a rus
|
| 102 |
|
|
|a RU
|
| 105 |
|
|
|a y z 100zy
|
| 135 |
|
|
|a drcn ---uucaa
|
| 181 |
|
0 |
|a i
|
| 182 |
|
0 |
|a b
|
| 200 |
1 |
|
|a Применение модифицированного коэффициента Дикстра-Парсонса для учета влияния трещиноватости в динамических моделях при выборе оптимальной системы разработки
|f Д. А. Балашов
|g науч. рук. О. С. Чернова
|
| 203 |
|
|
|a Текст
|c электронный
|
| 225 |
1 |
|
|a Современные технологии разработки нефтяных и газовых месторождений
|
| 230 |
|
|
|a 1 компьютерный файл (pdf; 365 Kb)
|
| 300 |
|
|
|a Заглавие с экрана
|
| 320 |
|
|
|a [Библиогр.: с. 57 (3 назв.)]
|
| 461 |
|
1 |
|0 (RuTPU)RU\TPU\conf\30471
|t Проблемы геологии и освоения недр
|o труды XXIII Международного симпозиума имени академика М. А. Усова студентов и молодых ученых, посвященного 120-летию со дня рождения академика К. И. Сатпаева, 120-летию со дня рождения профессора К. В. Радугина, Томск, 8-12 апреля 2019 г.
|o в 2 т.
|f Национальный исследовательский Томский политехнический университет, Инженерная школа природных ресурсов ; гл. ред. А. С. Боев ; под ред. Е. Ю. Пасечник
|d 2019
|
| 463 |
|
1 |
|0 (RuTPU)RU\TPU\conf\30475
|t Т. 2
|v [С. 55-57]
|d 2019
|
| 610 |
1 |
|
|a труды учёных ТПУ
|
| 610 |
1 |
|
|a электронный ресурс
|
| 610 |
1 |
|
|a трещиноватость
|
| 610 |
1 |
|
|a динамические модели
|
| 610 |
1 |
|
|a оптимальные системы
|
| 610 |
1 |
|
|a нефтегазоносные провинции
|
| 610 |
1 |
|
|a разработки
|
| 610 |
1 |
|
|a коллекторы
|
| 700 |
|
1 |
|a Балашов
|b Д. А.
|
| 702 |
|
1 |
|a Чернова
|b О. С.
|c геолог
|c доцент Томского политехнического университета, кандидат геолого-минералогических наук
|f 1967-
|g Оксана Сергеевна
|2 stltpush
|4 727
|
| 712 |
0 |
2 |
|a Национальный исследовательский Томский политехнический университет
|b Инженерная школа природных ресурсов
|b Отделение нефтегазового дела
|h 8084
|2 stltpush
|3 (RuTPU)RU\TPU\col\23546
|
| 801 |
|
2 |
|a RU
|b 63413507
|c 20191024
|g RCR
|
| 856 |
4 |
|
|u http://earchive.tpu.ru/handle/11683/56297
|
| 942 |
|
|
|c BK
|